00766nam a2200241 a 450000100060000000300080000600500170001400800410003102000150007202000150008703500330010204000270013504100080016208200220017010000320019224500380022425000400026226000460030230000240034850000290037250501000040165000230050138393BD-RjUL20211209052804.0151122r19941975en b 001 0 eng d a0582025028 a0582244870 aoxf990001405a(BD-RjUL)38498 aWOOcWOOdBD-RjULbeng aeng 222a547bFIO 19941 aFinar, I. L.q(Ivor Lionel)10aOrganic chemistry /cI. L. Finar. a5th ed., ,ELBS ed. , Low Priced ed. aLondon :bLongman,c1975 [reprinted1994]. aV :bill. ;c26 cm. aIncludes bibliographies.2 aVol.1 The Fundamental Principles-- v.2. Stereo chemistry and the chemistry of natural products. 0aChemistry, Organic